| 000 | 01936nam0a22003251 4500 | ||
|---|---|---|---|
| 001 | rc\3783944 | ||
| 005 | 20260406084044.0 | ||
| 021 |
_aRU _b[76-5708] |
||
| 035 | _a(NLR Aleph) 007232691 | ||
| 090 |
_a7732401 _c7732401 |
||
| 100 | _a20120207d1975 |||y0rusy50 ca | ||
| 101 | 0 | _arus | |
| 102 | _aRU | ||
| 105 | _aa z |||a| | ||
| 200 | 1 |
_aКлинок без ржавчины _eПовести и рассказы _e[Перевод] _fКонстантин Лордкипанидзе _g[Худож. М. Панков] |
|
| 210 |
_aМосква _cИзвестия _d1975 |
||
| 215 |
_a382 с. _cил. _d21 |
||
| 225 | 1 | _aБиблиотека "Дружба народов" | |
| 300 | _aРед. совет сер.: С. Агабабян [и др.] | ||
| 311 | _aПрил. к журн. "Дружба народов" | ||
| 327 | 1 | _aСодерж.: Смерть еще подождет: Правдивые рассказы; Повести: Мой первый комсомолец; Клинок без ржавчины; Девушка из Заречья; Цоги; Горийская повесть; Из цикла "Волшебный камень" | |
| 422 | 0 |
_12001#$aДружба народов _tДружба народов |
|
| 464 | 0 |
_12001#$aСмерть еще подождет$eПравдивые рассказы$aМой первый комсомолец$eПовесть$aКлинок без ржавчины$eПовесть$aДевушка из Заречья$eПовесть$aЦоги$eПовесть$aГорийская повесть$eПовесть$aВолшебный камень _tВолшебный камень |
|
| 700 | 1 |
_7ca _8rus _aЛордкипанидзе _bК. А. _f1905-1986 _gКонстантин Александрович _3RU\NLR\AUTH\770278716 _92650683 |
|
| 702 | 1 |
_aПанков _bМ. _4040 |
|
| 801 | 0 |
_aRU _bNLR _gpsbo |
|
| 801 | 1 |
_aRU _bELAR _2rusmarc |
|
| 852 |
_aNLR _j76-3/2922 |
||
| 942 | _cBOOK | ||
| 980 | _aNB | ||